Anwar Ibrahim : (Record no. 153219)

MARC details
000 -LEADER
fixed length control field 00727nam a2200253 i 4500
001 - CONTROL NUMBER
control field C2-0169181
003 - CONTROL NUMBER IDENTIFIER
control field PPAK
005 - DATE AND TIME OF LATEST TRANSACTION
control field 20180728091812.0
008 - FIXED-LENGTH DATA ELEMENTS--GENERAL INFORMATION
fixed length control field 980722s1983 my a|||| ||||| | eng d
020 ## - INTERNATIONAL STANDARD BOOK NUMBER
International Standard Book Number 9679700038
040 ## - CATALOGING SOURCE
Original cataloging agency PPAK
Language of cataloging eng
Transcribing agency PPAK
Description conventions rda
082 04 - DEWEY DECIMAL CLASSIFICATION NUMBER
Classification number 9232595
Edition number 23
090 00 - LOCALLY ASSIGNED LC-TYPE CALL NUMBER (OCLC); LOCAL CALL NUMBER (RLIN)
Classification number (OCLC) (R) ; Classification number, CALL (RLIN) (NR) 9232595
Feature heading MOR
Feature heading KK
Classification number (OCLC) (R) ; Classification number, CALL (RLIN) (NR) 9232595
Feature heading MOR
Feature heading KSA
100 1# - MAIN ENTRY--PERSONAL NAME
Personal name Morais, J.Victor,
Relator term author
245 10 - TITLE STATEMENT
Title Anwar Ibrahim :
Remainder of title resolute in leadership
264 #1 - PRODUCTION, PUBLICATION, DISTRIBUTION, MANUFACTURE, AND COPYRIGHT NOTICE
Place of production, publication, distribution, manufacture Kuala Lumpur :
Name of producer, publisher, distributor, manufacturer Arenabuku ,
Date of production, publication, distribution, manufacture, or copyright notice 1983
300 ## - PHYSICAL DESCRIPTION
Extent vi, 105 pages :
Other physical details illustrations ;
Dimensions 22 cm
336 ## - CONTENT TYPE
Source rdacontent
Content type term text
337 ## - MEDIA TYPE
Source rdamedia
Media type term unmediated
338 ## - CARRIER TYPE
Source rdacarrier
Carrier type term volume
650 10 - SUBJECT ADDED ENTRY--TOPICAL TERM
Topical term or geographic name entry element Politicians - Biography - Malaysia
942 ## - ADDED ENTRY ELEMENTS (KOHA)
-- dc
Koha item type Book
Holdings
Withdrawn Not for loan Current library Shelving location Date acquired Full call number Barcode Date last seen Koha item type
  Not For Loan Perpustakaan Alor Setar Koleksi S.N. Shahnon Ahmad 22/07/1998 KSA 9232595 MOR A00200170 01/06/2018 Book
  Not For Loan Perpustakaan Awam Sungai Petani Koleksi Kedah 05/04/2004 KK 9232595 MOR A00427716 01/06/2018 Book